| 000 | 01336nam a2200361Ia 4500 | ||
|---|---|---|---|
| 001 | ebr10539152 | ||
| 003 | CaPaEBR | ||
| 006 | m u | ||
| 007 | cr cn||||||||| | ||
| 008 | 110614s2011 gau sb 001 0 eng d | ||
| 010 | _z 2011024427 | ||
| 020 | _z0881462667 | ||
| 020 | _z9780881462661 | ||
| 020 | _z9780881463583 | ||
| 040 |
_aCaPaEBR _cCaPaEBR |
||
| 035 | _a(OCoLC)787846152 | ||
| 050 | 1 | 4 |
_aBT205 _b.B59 2011eb |
| 082 | 0 | 4 |
_a232 _223 |
| 100 | 1 | _aBorchert, Gerald L. | |
| 245 | 1 | 0 |
_aJesus of Nazareth _h[electronic resource] : _bbackground, witnesses, and significance / _cGerald L. Borchert. |
| 250 | _a1st ed. | ||
| 260 |
_aMacon, GA : _bMercer University Press, _cc2011. |
||
| 300 | _a258 p. | ||
| 504 | _aIncludes bibliographical references and index. | ||
| 533 |
_aElectronic reproduction. _bPalo Alto, Calif. : _cebrary, _d2011. _nAvailable via World Wide Web. _nAccess may be limited to ebrary affiliated libraries. |
||
| 600 | 0 | 0 | _aJesus Christ. |
| 630 | 0 | 0 |
_aBible. _pN.T. _pGospels _xCriticism, interpretation, etc. |
| 630 | 0 | 0 |
_aBible. _pN.T. _pGospels _xHermeneutics. |
| 650 | 0 | _aTheology. | |
| 655 | 7 |
_aElectronic books. _2local |
|
| 710 | 2 | _aebrary, Inc. | |
| 856 | 4 | 0 |
_uhttp://site.ebrary.com/lib/rucke/Doc?id=10539152 _zAn electronic book accessible through the World Wide Web; click to view |
| 999 |
_c135218 _d135218 |
||